| 000 | 00629nam a2200193Ia 4500 | ||
|---|---|---|---|
| 003 | IN-BaIIA | ||
| 008 | 211028s9999 xx 000 0 eng d | ||
| 020 | _a3-7650-0087-6 | ||
| 040 | _cIIA Library | ||
| 080 |
_a083.8:523.8 _bAPP-87 |
||
| 110 | _aInternational Astronomical Union | ||
| 245 | 0 |
_aApparent places of fundamental stars 1987 _cInternational Astronomical Union |
|
| 260 |
_aHeidelberg _bAstronomisches Rechen-Institut _c1986 |
||
| 300 | _axlvi, 510p. | ||
| 650 | _aAstronomy and Astrophysics Thesaurus | ||
| 650 |
_aCatalogue-Stars _9966 |
||
| 650 |
_aStars-Catalogue _9967 |
||
| 942 | _cBK | ||
| 999 |
_c8995 _d8995 |
||